[Event "Gibtelecom Masters 8th"]
[Site "Gibraltar"]
[Date "2010.01.27"]
[Round "3.15"]
[White "Karavade, Eesha"]
[Black "Koneru, Humpy"]
[Result "0-1"]
[WhiteElo "2405"]
[BlackElo "2614"]
[PlyCount "82"]
[EventDate "2010.01.26"]
[EventType "swiss"]
[EventRounds "10"]
[EventCountry "GGB"]
[SourceDate "2005.02.07"]

1. d4 d5 2. c4 dxc4 3. e3 Nf6 4. Bxc4 e6 5. Nf3 a6 6. Bb3 Nbd7 7. O-O c5 8. a4
Qc7 9. Qe2 b6 10. Nc3 Bb7 11. Rd1 Rc8 12. d5 c4 13. dxe6 fxe6 14. Bc2 Bd6 15h3 O-O 16. Nd4 Rfe8 17. Bd2 Bf8 18. e4 Bc5 19. Be3 Bb4 20. Na2 Bf8 21. Nc3 g6
22. Rac1 Kh8 23. Nf3 e5 24. Nh2 Qc6 25. Ng4 b5 26. axb5 axb5 27. Bg5 Be7 28Bxf6+ Nxf6 29. Nxf6 Bxf6 30. Nd5 Bg7 31. Ra1 Bf8 32. b4 cxb3 33. Bxb3 Bc5 34Kh2 Rf8 35. f3 Qe8 36. Ra5 Bc6 37. Bc4 Qd8 38. Qd2 Bd4 39. Bxb5 Bxd5 40. Ba6
Bb3 41. Bxc8 Bxd1 0-1

[Event "Gibtelecom Masters 8th"]
[Site "Gibraltar"]
[Date "2010.01.27"]
[Round "3.16"]
[White "Tania, Sachdev"]
[Black "Lemos, Damian"]
[Result "0-1"]
[WhiteElo "2398"]
[BlackElo "2556"]
[PlyCount "114"]
[EventDate "2010.01.26"]
[EventType "swiss"]
[EventRounds "10"]
[EventCountry "GGB"]
[SourceDate "2005.02.07"]

1. d4 e6 2. c4 d5 3. Nf3 Nf6 4. Nc3 c6 5. Qd3 dxc4 6. Qxc4 b5 7. Qd3 Bb7 8. Bg5
Nbd7 9. e4 b4 10. Na4 Qa5 11. b3 c5 12. Bxf6 gxf6 13. Be2 O-O-O 14. O-O Kb8 15Rac1 Bh6 16. Rcd1 Rhg8 17. Qc2 cxd4 18. Rxd4 Rc8 19. Qd3 Nb6 20. Nxb6 Qxb6 21Rd6 Rc6 22. Rxc6 Qxc6 23. Rd1 a5 24. e5 f5 25. Kf1 Rc8 26. Ne1 Qc5 27. Bf3 Qxe5
28. Bxb7 Kxb7 29. Nf3 Qc5 30. Re1 Bf4 31. g3 Bc7 32. Nd2 Rd8 33. Qe2 Qc2 34Nc4 Qxe2+ 35. Kxe2 h5 36. Rc1 Rd4 37. Ke3 Rd5 38. Nb2 Bb6+ 39. Ke2 Bxf2 40. Nd3
Bb6 41. Nf4 Rd8 42. Rd1 Rxd1 43. Kxd1 h4 44. gxh4 Bd8 45. h5 Bf6 46. h6 Kc7 47Ng2 Kd6 48. Ne3 Ke5 49. Nc4+ Kd4 50. Nxa5 e5 51. h7 Kd5 52. Nb7 e4 53. Nd8 f4
54. Nxf7 Ke6 55. Nd8+ Kd5 56. h4 f3 57. Nf7 e3 0-1

[Event "Gibtelecom Masters 8th"]
[Site "Gibraltar"]
[Date "2010.01.27"]
[Round "3.17"]
[White "Malakhatko, Vadim"]
[Black "Cori Tello, Deysi"]
[Result "1-0"]
[WhiteElo "2549"]
[BlackElo "2412"]
[PlyCount "69"]
[EventDate "2010.01.26"]
[EventType "swiss"]
[EventRounds "10"]
[EventCountry "GGB"]
[SourceDate "2005.02.07"]

1. c4 Nf6 2. Nc3 e6 3. Nf3 d5 4. d4 c6 5. e3 Nbd7 6. Qc2 Be7 7. Bd3 dxc4 8Bxc4 b5 9. Bd3 a6 10. e4 Bb7 11. e5 Nd5 12. Nxd5 cxd5 13. h4 Rc8 14. Qe2 h6 15h5 Nb8 16. O-O Nc6 17. Be3 Nb4 18. Bb1 Qb6 19. Ne1 Kd7 20. f4 Kc7 21. f5 Kb8
22. fxe6 fxe6 23. Qg4 Bg5 24. Bxg5 hxg5 25. Nf3 Rhf8 26. Bg6 Nc6 27. Rad1 Rf4
28. Qxe6 g4 29. Qd6+ Ka7 30. e6 Rcf8 31. Bf7 R8xf7 32. exf7 Rxf7 33. Ne5 Nxe5
34. Qxe5 Rc7 35. Rf4 1-0

[Event "Gibtelecom Masters 8th"]
[Site "Gibraltar"]
[Date "2010.01.27"]
[Round "3.18"]
[White "Camus de Solliers, Guillau"]
[Black "Bhat, Vinay S"]
[Result "1/2-1/2"]
[WhiteElo "2356"]
[BlackElo "2540"]
[PlyCount "51"]
[EventDate "2010.01.26"]
[EventType "swiss"]
[EventRounds "10"]
[EventCountry "GGB"]
[SourceDate "2005.02.07"]

1. d4 d5 2. c4 c6 3. Nc3 Nf6 4. e3 e6 5. Nf3 a6 6. b3 Bb4 7. Bd2 Nbd7 8. Bd3
O-O 9. O-O Bd6 10. Rc1 Re8 11. Qc2 h6 12. Rfe1 c5 13. cxd5 exd5 14. e4 dxe4 15Nxe4 Nxe4 16. Bxe4 cxd4 17. Bh7+ Kh8 18. Rxe8+ Qxe8 19. Re1 Qd8 20. Bf5 Nf6 21Nxd4 Bf8 22. Bc3 Bxf5 23. Nxf5 a5 24. Rd1 Qb6 25. Qb2 Qe6 26. Bxf6 1/2-1/2

[Event "Gibtelecom Masters 8th"]
[Site "Gibraltar"]
[Date "2010.01.27"]
[Round "3.19"]
[White "Solomon, Kenny"]
[Black "Cramling, Pia"]
[Result "0-1"]
[WhiteElo "2368"]
[BlackElo "2528"]
[PlyCount "54"]
[EventDate "2010.01.26"]
[EventType "swiss"]
[EventRounds "10"]
[EventCountry "GGB"]
[SourceDate "2005.02.07"]

1. d4 d5 2. Nf3 Nf6 3. c4 c6 4. Nc3 dxc4 5. a4 Bf5 6. Ne5 Nbd7 7. Nxc4 Qc7 8g3 e5 9. dxe5 Nxe5 10. Bf4 Nfd7 11. Bg2 f6 12. O-O O-O-O 13. Nd5 cxd5 14. Ne3
Be4 15. Rc1 Nc5 16. b4 Bxg2 17. Nxg2 g5 18. Bxe5 fxe5 19. Qc2 Kb8 20. bxc5 Rc8
21. Qb3 Bxc5 22. Qxd5 Rhd8 23. Qb3 Qb6 24. Qf7 Rf8 25. Qg7 Qf6 26. Qxh7 Qxf2+
27. Rxf2 Bxf2+ 0-1

[Event "Gibtelecom Masters 8th"]
[Site "Gibraltar"]
[Date "2010.01.27"]
[Round "3.20"]
[White "Naumann, Alexander"]
[Black "Stebbings, Anthony J"]
[Result "1-0"]
[WhiteElo "2525"]
[BlackElo "2290"]
[PlyCount "79"]
[EventDate "2010.01.26"]
[EventType "swiss"]
[EventRounds "10"]
[EventCountry "GGB"]
[SourceDate "2005.02.07"]

1. d4 Nf6 2. c4 e6 3. g3 Bb4+ 4. Bd2 Qe7 5. Nf3 Nc6 6. Nc3 O-O 7. Bg2 Bxc3 8Bxc3 Ne4 9. Qc2 f5 10. O-O d6 11. d5 Nd8 12. Bb4 a5 13. Ba3 e5 14. Nd2 Nc5 15Nb3 Nf7 16. Nxc5 dxc5 17. b3 Ra6 18. Qc3 h5 19. Qe3 b6 20. Bb2 a4 21. Rae1 Re8
22. Qc3 axb3 23. axb3 Qg5 24. f4 exf4 25. gxf4 Qh6 26. Kh1 Nd6 27. Rg1 Re7 28Bf3 Ra2 29. Rg5 Ne4 30. Bxe4 fxe4 31. Reg1 Bg4 32. h3 Rxb2 33. Qxb2 Bxh3 34Rg6 Qh8 35. Qf6 Rf7 36. Qd8+ Kh7 37. Qh4 Bf5 38. Qxh5+ Kg8 39. Rh6 Bh7 40. e3
1-0

[Event "Gibtelecom Masters 8th"]
[Site "Gibraltar"]
[Date "2010.01.27"]
[Round "3.21"]
[White "Kozlov, Oleg"]
[Black "Speelman, Jonathan"]
[Result "1/2-1/2"]
[WhiteElo "2279"]
[BlackElo "2535"]
[PlyCount "94"]
[EventDate "2010.01.26"]
[EventType "swiss"]
[EventRounds "10"]
[EventCountry "GGB"]
[SourceDate "2005.02.07"]

1. Nf3 b6 2. g3 Bb7 3. Bg2 g6 4. d4 Bg7 5. c4 Nf6 6. d5 Ne4 7. Qc2 f5 8. Nbd2
Nd6 9. e4 e6 10. O-O O-O 11. Rb1 a5 12. Ne1 Na6 13. Nd3 Nb4 14. Nxb4 axb4 15Qb3 c5 16. dxc6 Bxc6 17. Qxb4 Qc7 18. c5 bxc5 19. Qxc5 Rxa2 20. e5 Nb7 21. Qc4
Ra7 22. b4 Nd8 23. f4 Qb7 24. Bf3 Ra4 25. Qc5 Re8 26. b5 Bf8 27. Qc2 Qa7+ 28Kh1 Bb7 29. Qd3 Bxf3+ 30. Rxf3 Qb7 31. Kg2 g5 32. Qc2 Ra8 33. Kf2 Nf7 34. Rc3
Rec8 35. Nf3 Rxc3 36. Qxc3 Rc8 37. Qd3 g4 38. Ne1 d6 39. Qb3 dxe5 40. Be3 Bc5
41. Bxc5 Rxc5 42. Qxe6 exf4 43. gxf4 Qb8 44. Nd3 Rxb5 45. Rxb5 Qxb5 46. Ne5
Qb2+ 47. Kg1 Qc1+ 1/2-1/2

[Event "Gibtelecom Masters 8th"]
[Site "Gibraltar"]
[Date "2010.01.27"]
[Round "3.22"]
[White "Javakhishvili, Lela"]
[Black "Avalos Parra, Joao"]
[Result "1-0"]
[WhiteElo "2493"]
[BlackElo "2245"]
[PlyCount "59"]
[EventDate "2010.01.26"]
[EventType "swiss"]
[EventRounds "10"]
[EventCountry "GGB"]
[SourceDate "2005.02.07"]

1. d4 d5 2. c4 c6 3. Nf3 Nf6 4. e3 Bf5 5. Nc3 e6 6. Nh4 Be4 7. f3 Bg6 8. Qb3
Qc7 9. Bd2 Bd6 10. cxd5 exd5 11. O-O-O Nbd7 12. e4 dxe4 13. Nxg6 hxg6 14. fxe4
Ng4 15. e5 Be7 16. Be2 Nh6 17. g4 O-O-O 18. Kb1 Qb6 19. Qa4 Nf8 20. d5 Bb4 21dxc6 bxc6 22. Nd5 Rxd5 23. Bxb4 Rxd1+ 24. Rxd1 Ne6 25. Ba5 Qb7 26. Rd6 Kb8 27Qd1 c5 28. Rd7 Qc6 29. Bf3 Qa6 30. Qb3+ 1-0

[Event "Gibtelecom Masters 8th"]
[Site "Gibraltar"]
[Date "2010.01.27"]
[Round "3.23"]
[White "Nikolaidis, Konstantinos"]
[Black "Cmilyte, Viktorija"]
[Result "0-1"]
[WhiteElo "2266"]
[BlackElo "2489"]
[PlyCount "50"]
[EventDate "2010.01.26"]
[EventType "swiss"]
[EventRounds "10"]
[EventCountry "GGB"]
[SourceDate "2005.02.07"]

1. d4 f5 2. g3 Nf6 3. Bg2 e6 4. c4 c6 5. Qc2 d5 6. Nh3 Bd6 7. O-O O-O 8. Bf4
Be7 9. Nd2 Na6 10. a3 h6 11. b4 g5 12. Be5 Ng4 13. b5 cxb5 14. cxb5 Nxe5 15bxa6 Nf7 16. axb7 Bxb7 17. Qa4 Nd6 18. f3 Bf6 19. Nf2 Rf7 20. Nd3 Nc4 21. Nb3
a5 22. Ndc5 Qb6 23. Nd7 Rxd7 24. Qxd7 Rd8 25. Qa4 Bc6 0-1

[Event "Gibtelecom Masters 8th"]
[Site "Gibraltar"]
[Date "2010.01.27"]
[Round "3.24"]
[White "Cori Tello, Jorge"]
[Black "Gandrud, Vegar Koi"]
[Result "1-0"]
[WhiteElo "2483"]
[BlackElo "2158"]
[PlyCount "47"]
[EventDate "2010.01.26"]
[EventType "swiss"]
[EventRounds "10"]
[EventCountry "GGB"]
[SourceDate "2005.02.07"]

1. e4 d5 2. exd5 Nf6 3. d4 Nxd5 4. Nf3 g6 5. c4 Nb6 6. Be3 Bg7 7. h3 O-O 8. Nc3
Nc6 9. Be2 Re8 10. O-O Bf5 11. Rc1 Bf6 12. Qd2 a5 13. b3 h5 14. d5 Ne5 15. Nd4
e6 16. f4 Ned7 17. g4 hxg4 18. hxg4 exd5 19. cxd5 Qe7 20. Bf2 Bxd4 21. Bxd4
Nxd5 22. Nxd5 Qxe2 23. Qxe2 Rxe2 24. gxf5 1-0

[Event "Gibtelecom Masters 8th"]
[Site "Gibraltar"]
[Date "2010.01.27"]
[Round "3.25"]
[White "Marchand, Francois"]
[Black "Zhukova, Natalia"]
[Result "0-1"]
[WhiteElo "2244"]
[BlackElo "2462"]
[PlyCount "86"]
[EventDate "2010.01.26"]
[EventType "swiss"]
[EventRounds "10"]
[EventCountry "GGB"]
[SourceDate "2005.02.07"]

1. d4 d5 2. c4 e6 3. Nc3 c6 4. Nf3 dxc4 5. e3 b5 6. a4 Bb4 7. Bd2 a5 8. axb5
Bxc3 9. Bxc3 cxb5 10. b3 Bb7 11. bxc4 b4 12. Bb2 Nf6 13. Bd3 O-O 14. O-O Nbd7
15. Qc2 h6 16. c5 Bc6 17. e4 Ra7 18. Nd2 Qa8 19. f4 a4 20. f5 b3 21. Qc4 Nxe4
22. Nxe4 Bxe4 23. Bxe4 Qxe4 24. Rfe1 Qd5 25. Rxa4 Rxa4 26. Qxa4 Ra8 27. Qb4
exf5 28. Re3 Rb8 29. Qa5 f4 30. Re1 f3 31. gxf3 Qxf3 32. Qc7 Qg4+ 33. Kf1 Qf3+
34. Kg1 Qg4+ 35. Kh1 Kh7 36. c6 Qf3+ 37. Kg1 Rb5 38. h4 Qg4+ 39. Kf2 Rf5+ 40Ke3 Nf6 41. Kd3 Qg2 42. Bc3 Rf3+ 43. Kc4 Rxc3+ 0-1

[Event "Gibtelecom Masters 8th"]
[Site "Gibraltar"]
[Date "2010.01.27"]
[Round "3.26"]
[White "Fokin, Sergey"]
[Black "Istratescu, Andrei"]
[Result "0-1"]
[WhiteElo "2109"]
[BlackElo "2607"]
[PlyCount "72"]
[EventDate "2010.01.26"]
[EventType "swiss"]
[EventRounds "10"]
[EventCountry "GGB"]
[SourceDate "2005.02.07"]

1. d4 g6 2. c4 Bg7 3. Nf3 c5 4. g3 cxd4 5. Nxd4 Nc6 6. Nc2 d6 7. Bg2 h5 8. h3
Be6 9. Ne3 Qd7 10. Nd2 Rc8 11. Rb1 Nf6 12. b3 d5 13. cxd5 Nxd5 14. Nxd5 Bxd5
15. O-O Bxg2 16. Kxg2 O-O 17. Nf3 Qf5 18. Bb2 Rfd8 19. Qe1 Qc2 20. Bxg7 Kxg7
21. Ra1 e5 22. e4 f6 23. Qb1 Nb4 24. a3 Nd3 25. Ra2 Qxb1 26. Rxb1 Nc5 27. Re2
Kf7 28. Ne1 Ne6 29. Rbb2 h4 30. b4 hxg3 31. fxg3 Rc3 32. Red2 Rxd2+ 33. Rxd2
Ke7 34. Rd3 Rc4 35. Nf3 Rxe4 36. Nh4 Rxh4 0-1

[Event "Gibtelecom Masters 8th"]
[Site "Gibraltar"]
[Date "2010.01.27"]
[Round "3.27"]
[White "Hagen, Anders Gjerdrum"]
[Black "Maze, Sebastien"]
[Result "0-1"]
[WhiteElo "2108"]
[BlackElo "2554"]
[PlyCount "130"]
[EventDate "2010.01.26"]
[EventType "swiss"]
[EventRounds "10"]
[EventCountry "GGB"]
[SourceDate "2005.02.07"]

1. d4 Nf6 2. c4 g6 3. Nc3 Bg7 4. e4 d6 5. Nf3 O-O 6. Be2 Na6 7. O-O e5 8. d5 c5
9. Ne1 Ne8 10. a3 f5 11. Nd3 Nf6 12. f3 h5 13. Rb1 Bd7 14. b4 b6 15. bxc5 Nxc5
16. Nxc5 bxc5 17. Bd2 f4 18. Rb7 Bc8 19. Rb5 g5 20. Qb1 Bd7 21. Rb7 Qc8 22. Rc1
g4 23. Be1 Nh7 24. Kh1 Bf6 25. Rc2 Kh8 26. Rcb2 Rg8 27. Bf1 h4 28. fxg4 Bxg4
29. h3 Bh5 30. Qd3 f3 31. gxf3 Bg5 32. Nd1 Qf8 33. R7b3 Qf6 34. Nf2 Raf8 35Ng4 Bxg4 36. hxg4 Bf4 37. Bh3 Bg3 38. Bd2 Ng5 39. Kg2 Rf7 40. Rb1 Rgf8 41. Rf1
Bf4 42. Be1 Nh7 43. Rh1 Rg8 44. Qb1 Bg5 45. Rf1 Nf8 46. Rb7 Ng6 47. Rxf7 Qxf7
48. Qb2 Qc7 49. Bc3 Rb8 50. Qc2 Qb7 51. Qa4 Qb3 52. Qxa7 Nf4+ 53. Kh2 Qc2+ 54Kh1 Rf8 55. Bxe5+ dxe5 56. Qxc5 Kg8 57. Qc6 Nxh3 58. Qe6+ Kh7 59. Qd7+ Kh6 60Qd6+ Rf6 61. Qd8 Kg7 62. Qe7+ Rf7 63. Qxe5+ Bf6 64. Qd6 Nf2+ 65. Kg1 Bd4 0-1

[Event "Gibtelecom Masters 8th"]
[Site "Gibraltar"]
[Date "2010.01.27"]
[Round "3.28"]
[White "Lenderman, Alex"]
[Black "Demac, Elias"]
[Result "1-0"]
[WhiteElo "2560"]
[BlackElo "2104"]
[PlyCount "65"]
[EventDate "2010.01.26"]
[EventType "swiss"]
[EventRounds "10"]
[EventCountry "GGB"]
[SourceDate "2005.02.07"]

1. Nf3 Nf6 2. c4 g6 3. Nc3 Bg7 4. e4 O-O 5. d4 d6 6. Be2 e5 7. d5 a5 8. h3 Na6
9. Bg5 Nc5 10. Nd2 h6 11. Be3 b6 12. g4 Nh7 13. h4 f5 14. exf5 gxf5 15. gxf5
Bxf5 16. Nf1 Ne4 17. Nxe4 Bxe4 18. f3 Bg6 19. Qd2 e4 20. h5 Bf5 21. f4 Nf6 22Rg1 Kh8 23. Bd4 Rf7 24. O-O-O Qd7 25. Ne3 Raf8 26. Rg3 Bh7 27. Rdg1 Qe7 28. Rg6
Rg8 29. Nf5 Qf8 30. Nxg7 Rfxg7 31. f5 Bxg6 32. hxg6 Ne8 33. Qxh6# 1-0

[Event "Gibtelecom Masters 8th"]
[Site "Gibraltar"]
[Date "2010.01.27"]
[Round "3.29"]
[White "Compton, Alistair"]
[Black "Guliyev, Namig"]
[Result "0-1"]
[WhiteElo "2066"]
[BlackElo "2516"]
[PlyCount "80"]
[EventDate "2010.01.26"]
[EventType "swiss"]
[EventRounds "10"]
[EventCountry "GGB"]
[SourceDate "2005.02.07"]

1. e4 d5 2. exd5 Qxd5 3. Nc3 Qa5 4. d4 Nf6 5. Nf3 Bg4 6. h3 Bh5 7. g4 Bg6 8Ne5 e6 9. Bg2 c6 10. Nxg6 hxg6 11. Bd2 Bb4 12. a3 Bxc3 13. bxc3 Nbd7 14. g5 Ng8
15. Rb1 Qc7 16. Qf3 Ne7 17. Bf4 Qc8 18. h4 Nb6 19. h5 Rxh5 20. Rxh5 gxh5 21Qxh5 Ng6 22. Bg3 Qd7 23. Qh7 O-O-O 24. Qxg7 e5 25. Kf1 Nc4 26. Rb4 Qg4 27. Kg1
Ne3 28. fxe3 Qxg3 29. Qxf7 Qxe3+ 30. Qf2 Qxg5 31. dxe5 Rd1+ 32. Kh2 Qxe5+ 33Qg3 Rd2 34. Qxe5 Nxe5 35. Re4 Nd7 36. Kg3 Rxc2 37. Re3 Nc5 38. Bh3+ Kc7 39. Bf5
Rc1 40. Kf4 Ra1 0-1

[Event "Gibtelecom Masters 8th"]
[Site "Gibraltar"]
[Date "2010.01.27"]
[Round "3.30"]
[White "Cafolla, Peter"]
[Black "Harika, Dronavalli"]
[Result "0-1"]
[WhiteElo "2042"]
[BlackElo "2471"]
[PlyCount "56"]
[EventDate "2010.01.26"]
[EventType "swiss"]
[EventRounds "10"]
[EventCountry "GGB"]
[SourceDate "2005.02.07"]

1. e4 e5 2. Nf3 Nc6 3. d4 exd4 4. Nxd4 Nf6 5. Nxc6 bxc6 6. e5 Qe7 7. Qe2 Nd5 8c4 Nb6 9. Nc3 Qe6 10. Qe4 g6 11. Bf4 Bb4 12. Bd2 O-O 13. Be2 Re8 14. a3 Bxc3
15. Bxc3 Na4 16. f4 Nxc3 17. bxc3 f5 18. Qd4 d6 19. Rd1 Ba6 20. Bf3 dxe5 21fxe5 Rad8 22. Qxa7 Rxd1+ 23. Bxd1 Qxe5+ 24. Kf2 c5 25. g3 Bxc4 26. Bf3 f4 27gxf4 Qxf4 28. Qxc5 Re2+ 0-1

[Event "Gibtelecom Masters 8th"]
[Site "Gibraltar"]
[Date "2010.01.27"]
[Round "3.31"]
[White "Carlsson, Pontus"]
[Black "Spanton, Tim R"]
[Result "1-0"]
[WhiteElo "2476"]
[BlackElo "2035"]
[PlyCount "75"]
[EventDate "2010.01.26"]
[EventType "swiss"]
[EventRounds "10"]
[EventCountry "GGB"]
[SourceDate "2005.02.07"]

1. e4 c5 2. Nf3 g6 3. d4 cxd4 4. Nxd4 Nc6 5. Nc3 Bg7 6. Be3 Nf6 7. Bc4 Qa5 8O-O O-O 9. Bb3 d6 10. h3 Bd7 11. Re1 Rfe8 12. Qe2 Qh5 13. Nf3 Ne5 14. Nxe5 Qxe5
15. Rad1 Qa5 16. Bd4 Bc6 17. f4 Nd7 18. Bxg7 Kxg7 19. Kh2 Rac8 20. e5 dxe5 21fxe5 Nc5 22. Rd4 Nxb3 23. axb3 Rcd8 24. Rf4 Qc5 25. b4 Qb6 26. Ref1 Rf8 27. Qc4
e6 28. b5 Bd5 29. Qe2 a6 30. bxa6 bxa6 31. b3 Qb7 32. R1f2 Rc8 33. Qe3 Rc7 34Rh4 Rh8 35. Qh6+ Kg8 36. Qe3 Kg7 37. Nxd5 Qxd5 38. Rd2 1-0

[Event "Gibtelecom Masters 8th"]
[Site "Gibraltar"]
[Date "2010.01.27"]
[Round "3.32"]
[White "Arakhamia-Grant, Ketevan"]
[Black "Seitz, Benjamin"]
[Result "1-0"]
[WhiteElo "2470"]
[BlackElo "2017"]
[PlyCount "83"]
[EventDate "2010.01.26"]
[EventType "swiss"]
[EventRounds "10"]
[EventCountry "GGB"]
[SourceDate "2005.02.07"]

1. e4 Nc6 2. Nf3 Nf6 3. e5 Ng4 4. d4 d6 5. h3 Nh6 6. exd6 Qxd6 7. Na3 a6 8. Nc4
Qd5 9. Ne3 Qd6 10. Bd3 Bd7 11. c3 O-O-O 12. O-O f6 13. b4 g5 14. a4 g4 15. hxg4
Nxg4 16. Nf5 Qd5 17. N3h4 h5 18. Qe2 Bxf5 19. Bxf5+ Kb8 20. b5 Na5 21. Be6 Qd6
22. g3 Ne5 23. Ba2 Ng4 24. Nf5 Qd7 25. Be6 Qe8 26. Bf4 Bh6 27. Nxh6 Nxh6 28. b6
Rd6 29. bxc7+ Kxc7 30. c4 Kd8 31. Bxd6 exd6 32. Rfe1 Qg6 33. Qb2 Kc7 34. Rab1
h4 35. Qb6+ Kb8 36. Qxd6+ Ka8 37. Bd5 Ka7 38. Qb6+ Kb8 39. Qxa5 Rh7 40. Qd8+
Ka7 41. Qb6+ Kb8 42. Bxb7 1-0

[Event "Gibtelecom Masters 8th"]
[Site "Gibraltar"]
[Date "2010.01.27"]
[Round "3.33"]
[White "Vinas Guerrero, Carlos A"]
[Black "Siebrecht, Sebastian"]
[Result "0-1"]
[WhiteElo "2120"]
[BlackElo "2468"]
[PlyCount "56"]
[EventDate "2010.01.26"]
[EventType "swiss"]
[EventRounds "10"]
[EventCountry "GGB"]
[SourceDate "2005.02.07"]

1. e4 c5 2. Nf3 g6 3. c3 Bg7 4. d4 cxd4 5. cxd4 d5 6. e5 Nc6 7. Bb5 Bg4 8. O-e6 9. Bxc6+ bxc6 10. Nc3 Qb6 11. Na4 Qb5 12. b3 Ne7 13. Ba3 Nf5 14. Rc1 Bxf3
15. gxf3 Bf8 16. Bc5 Bxc5 17. Rxc5 Qb4 18. Rxc6 Qxd4 19. Qe2 O-O 20. Rfc1 Qf4
21. R6c5 Nd4 22. Qd3 Nxf3+ 23. Kg2 Qg4+ 24. Kf1 Nxh2+ 25. Ke1 Nf3+ 26. Kf1 Nxe5
27. Qd2 Qh3+ 28. Ke2 Qf3+ 0-1

[Event "Gibtelecom Masters 8th"]
[Site "Gibraltar"]
[Date "2010.01.27"]
[Round "3.34"]
[White "Zatonskih, Anna"]
[Black "Aerni, Andi"]
[Result "1-0"]
[WhiteElo "2466"]
[BlackElo "2137"]
[PlyCount "61"]
[EventDate "2010.01.26"]
[EventType "swiss"]
[EventRounds "10"]
[EventCountry "GGB"]
[SourceDate "2005.02.07"]

1. e4 d5 2. exd5 Qxd5 3. Nc3 Qa5 4. d4 Nf6 5. Nf3 c6 6. Bc4 Bf5 7. Bd2 e6 8Nd5 Qd8 9. Nxf6+ Qxf6 10. Qe2 Bg4 11. O-O-O Nd7 12. Kb1 Nb6 13. Bb3 O-O-O 14c3 Nd5 15. Rde1 Bxf3 16. gxf3 Bd6 17. c4 Nf4 18. Qe4 Nh3 19. Be3 Kb8 20. d5
exd5 21. cxd5 c5 22. Rc1 Rc8 23. Rc4 Ng5 24. Qg4 Nxf3 25. Rc2 Ne5 26. Qa4 Qf3
27. Rhc1 Nd3 28. Rc3 Nxc1 29. Bxc5 Qf5+ 30. Bc2 Qxd5 31. Bxa7+ 1-0

[Event "Gibtelecom Masters 8th"]
[Site "Gibraltar"]
[Date "2010.01.27"]
[Round "3.35"]
[White "Krush, Irina"]
[Black "Andersson, Lars"]
[Result "1-0"]
[WhiteElo "2455"]
[BlackElo "2132"]
[PlyCount "55"]
[EventDate "2010.01.26"]
[EventType "swiss"]
[EventRounds "10"]
[EventCountry "GGB"]
[SourceDate "2005.02.07"]

1. d4 f5 2. Bg5 g6 3. Nc3 Bg7 4. h4 h6 5. Bf4 Nf6 6. Qd2 c6 7. e3 d5 8. Nf3
Nbd7 9. Ne5 Nxe5 10. Bxe5 Ne4 11. Nxe4 Bxe5 12. Nc5 Bf6 13. Nd3 Qb6 14. O-O-Be6 15. Kb1 O-O 16. f4 Rac8 17. Nc5 Kf7 18. h5 g5 19. g4 Rcd8 20. fxg5 Bxg5 21Bd3 Bc8 22. Bxf5 Bxf5 23. gxf5 Rg8 24. Rdg1 Rd6 25. Ne6 Qb5 26. Nxg5+ Rxg5 27Rxg5 hxg5 28. h6 1-0

[Event "Gibtelecom Masters 8th"]
[Site "Gibraltar"]
[Date "2010.01.27"]
[Round "3.36"]
[White "Osuna Vega, Enrique"]
[Black "Boskovic, Drasko"]
[Result "0-1"]
[WhiteElo "2128"]
[BlackElo "2454"]
[PlyCount "72"]
[EventDate "2010.01.26"]
[EventType "swiss"]
[EventRounds "10"]
[EventCountry "GGB"]
[SourceDate "2005.02.07"]

1. d4 Nf6 2. Nf3 g6 3. Nc3 d5 4. Bf4 Bg7 5. e3 O-O 6. Be2 c5 7. Ne5 Nc6 8. Nxc6
bxc6 9. Be5 Nd7 10. Bxg7 Kxg7 11. O-O f6 12. Na4 e5 13. c4 cxd4 14. cxd5 cxd5
15. f3 dxe3 16. Qxd5 Nb6 17. Qb3 Nxa4 18. Qxa4 Qb6 19. Qa3 Be6 20. Rfd1 Rad8
21. Qa6 Rd4 22. Qxb6 axb6 23. Kf1 Rc8 24. Bd3 f5 25. Ke2 f4 26. Rac1 Rxc1 27Rxc1 Bxa2 28. Rc7+ Kh6 29. g4 Kg5 30. Rxh7 Bc4 31. h4+ Kf6 32. Bxc4 Rxc4 33g5+ Ke6 34. Rg7 Rc2+ 35. Ke1 e4 36. Rxg6+ Ke5 0-1

[Event "Gibtelecom Masters 8th"]
[Site "Gibraltar"]
[Date "2010.01.27"]
[Round "3.37"]
[White "Popa-Matei, Viorel-Ovidiu"]
[Black "Bellon Lopez, Juan Manuel"]
[Result "0-1"]
[WhiteElo "2137"]
[BlackElo "2440"]
[PlyCount "58"]
[EventDate "2010.01.26"]
[EventType "swiss"]
[EventRounds "10"]
[EventCountry "GGB"]
[SourceDate "2005.02.07"]

1. e4 c5 2. d4 cxd4 3. c3 dxc3 4. Nxc3 Nc6 5. Nf3 e6 6. Bc4 Qc7 7. Qe2 Nf6 8h3 d6 9. O-O Be7 10. Rd1 a6 11. Bf4 Nd7 12. Rac1 O-O 13. Bb3 Qb8 14. Qd2 Nde5
15. Qe3 b5 16. Ne2 Na5 17. Nfd4 Nxb3 18. axb3 Bb7 19. Bg3 Rc8 20. f4 Nc6 21Kh2 Nxd4 22. Nxd4 Qa7 23. Bf2 Bd8 24. Qg3 Bb6 25. f5 Bxe4 26. Rxc8+ Rxc8 27fxe6 d5 28. Qg4 Re8 29. Nc6 Qc7+ 0-1

[Event "Gibtelecom Masters 8th"]
[Site "Gibraltar"]
[Date "2010.01.27"]
[Round "3.38"]
[White "Houska, Jovanka"]
[Black "De Andres Gonalons, Fernando"]
[Result "1-0"]
[WhiteElo "2401"]
[BlackElo "2124"]
[PlyCount "69"]
[EventDate "2010.01.26"]
[EventType "swiss"]
[EventRounds "10"]
[EventCountry "GGB"]
[SourceDate "2005.02.07"]

1. d4 d5 2. c4 e6 3. Nf3 c5 4. cxd5 exd5 5. Nc3 Nc6 6. Bf4 Nf6 7. e3 cxd4 8Nxd4 Bb4 9. Bb5 Bd7 10. O-O Bxc3 11. bxc3 O-O 12. Nxc6 bxc6 13. Bd3 Re8 14. Bg5
h6 15. Bh4 g5 16. Bg3 Ne4 17. Bxe4 Rxe4 18. Rb1 Qf6 19. Qd2 Rc4 20. Rfc1 a5 21Bc7 h5 22. f4 g4 23. Be5 Qe6 24. Rb7 Bc8 25. Rb6 Qf5 26. Rcb1 f6 27. Bd4 Kf7
28. Qb2 Kg6 29. Qa3 Be6 30. Qe7 Bf7 31. Rb7 Qe6 32. f5+ Kxf5 33. Rf1+ Ke4 34Qc7 Bg6 35. Rb2 1-0

[Event "Gibtelecom Masters 8th"]
[Site "Gibraltar"]
[Date "2010.01.27"]
[Round "3.39"]
[White "Nezad, Husein Aziz"]
[Black "Tozer, Philip"]
[Result "0-1"]
[WhiteElo "2408"]
[BlackElo "2119"]
[PlyCount "80"]
[EventDate "2010.01.26"]
[EventType "swiss"]
[EventRounds "10"]
[EventCountry "GGB"]
[SourceDate "2005.02.07"]

1. e4 e6 2. Qe2 c5 3. Nf3 Nc6 4. g3 Be7 5. Bg2 d5 6. d3 Nf6 7. O-O O-O 8. e5
Nd7 9. c4 d4 10. h4 h6 11. Re1 a6 12. Bf4 Rb8 13. Nbd2 b5 14. b3 Bb7 15. Nf1
Nb6 16. N1h2 bxc4 17. dxc4 a5 18. h5 a4 19. Qd2 axb3 20. axb3 d3 21. Bxh6 gxh6
22. Qxh6 Nd4 23. Ng4 Nf5 24. Qd2 Bxf3 25. Bxf3 Bg5 26. Qd1 Qd4 27. Kg2 Rfd8 28Be4 d2 29. Qf3 dxe1=Q 30. Rxe1 Nh6 31. Nxh6+ Bxh6 32. Qf6 Qd2 33. Bg6 Rd7 34Re4 Qg5 35. Bxf7+ Rxf7 36. Qxe6 Bg7 37. Qd6 Rbf8 38. f4 Qf5 39. Re2 Qxh5 40Re3 Rd7 0-1